| 000 | 01157nam a2200253Ia 4500 | ||
|---|---|---|---|
| 003 | OSt | ||
| 005 | 20210119115939.0 | ||
| 008 | 191128s2000 ck a gr 000 0 spa d | ||
| 020 | _a9583002135 | ||
| 040 |
_aCO-JMCR _cCO-JMCR |
||
| 041 | 0 | _aspa | |
| 082 | 0 | 4 |
_a920.086 / _bN834c1 _223 |
| 100 | 1 |
_aNoreña Blanco, María Isabel, _eautora _910834 |
|
| 245 | 1 | 0 |
_aCompendio de biografías colombianas : _bliteratura, historia, música, artes plásticas, ciencia / _cMaría Isabel Noreña Blanco y Fernando Cortés |
| 250 | _aSegunda edición | ||
| 260 |
_aBogotá : _bPanamericana, _c2000 |
||
| 300 |
_a[335] páginas : _bilustraciones a blanco y negro ; _c23 cm. |
||
| 505 | 3 | _aPrólogo -- Literatura -- Soledad Acosta de Samper -- Gustavo Álvarez Gardeazábal -- Gonzalo Arango Arias -- Germán Arciniegas Angueyra -- Aureliano Arturo -- Porfilio Barba Jacob -- Eduardo Caballero Calderón -- Andrés Caicedo | |
| 650 | 1 | 4 |
_aHistoriadores colombianos _xbiografías _910852 |
| 650 | 1 | 4 |
_aMúsicos colombianos _xbiografías _910853 |
| 650 | 1 | 4 |
_aPintores colombianos _xbiografías _910854 |
| 700 | 1 |
_aCortés, Fernando, _eautor _99904 |
|
| 942 |
_2ddc _cBK |
||
| 999 |
_c3416 _d3416 |
||